• 首页
  • 本馆介绍
  • 公告通知
  • 最新文献
  • 馆藏检索
  • 电子资源
  • 读者导购
  • 参考咨询
  • 我的图书馆
  • 登录
  • 详细信息显示
  • 放入我的书架
  • 预约/预借图书
  • 作者相关作品
  • 分类相关作品
  • 丛书相关作品
  • 出版社相关作品

书目信息

  • 表格格式
  • 工作单格式
  • 卡片格式
题名:
张仪
    
 
作者: 夏琼英 译注
分册:  
出版信息: 北京   中华书局  1983
页数: 66页
开本: 19cm
丛书名: 历史人物传记译注
单 册:
中图分类: B228.2
科图分类:
主题词: 张仪--哲学 , 张仪
电子资源:
ISBN:
000 00707nam0 2200277 45
001 0183012075
005 20060725143625.10
010    @dCNY0.21
091    @a11018.1099
100    @a19950320d1983 em y0chiy0121 ea
101 0  @achi
102    @aCN@b110000
105    @ay z 000yb
200 10 @a张仪@Azhang yi@f夏琼英译注@FXia Qiong Ying Yi Zhu
210    @a北京@c中华书局@d1983
215    @a66页@d19cm
225    @a历史人物传记译注
300    @a选自《史记》
410    @12001 @a历史人物传记译注
606 0  @a张仪@x哲学
606 0  @a张仪
690    @aB228.2@v3
701  0 @a夏琼英@4译注
801  2 @aCN@bNLC@c20060725
801  0 @aCN@b上海图书馆@c20040428
905    @dB228.2@e20@f1@b90772
    
    张仪/夏琼英译注.-北京:中华书局,1983
    66页;19cm.-(历史人物传记译注)
    选自《史记》
    
    ISBN :CNY0.21
    
●
相关链接 在E读中查询图书 在五车中查询图书 在当当中查询图书 在豆瓣中查询图书


正题名:张仪     索取号:B228.2/20         预约/预借

序号 登录号 条形码 馆藏地/架位号 状态 备注
1 0090768   000527497   密集书库/ [索取号:B228.2/20] 在馆    
2 0090769   000527451   密集书库/ [索取号:B228.2/20] 在馆    
3 0090770   000527415   密集书库/ [索取号:B228.2/20] 在馆    
4 0090771   000527371   密集书库/ [索取号:B228.2/20] 在馆    
5 0090772   000527503   第一样本阅览室/ [索取号:B228.2/20] 在馆    
6 0426214   204262145   密集书库/ [索取号:B228.2/20] 在馆    
唐山师范学院图书馆 欢迎您!
大连网信软件有限公司© 版权所有